| 000 | 01103cab a2200265 4500 | ||
|---|---|---|---|
| 001 | WB3311-51 | ||
| 008 | 090401t1997 xxu||||| |||| 00| 0 eng d | ||
| 035 | _a(Sirsi) u77096 | ||
| 041 | _aeng | ||
| 245 | _aNegligence | ||
| 260 | _c1997 | ||
| 350 | _a0 | ||
| 490 |
_aEstates Gazette Case Summaries _v1997 EGCS 27 |
||
| 520 | _a"Hambros Leasing Ltd v Weatherall Green & Smith" QBD 21 February 1997. Company purchasing hotel and financing purchase of hotel`s chattels. Plaintiff financing purchase of hotel`s leases. Plaintiff instructed defendant to carry out valuation and granted underlease to company. Due to company running into financial difficulties, the plaintiff sold leases for a loss. Debate over whether defendant was instructed to value hotel`s leases only or the hotel as a going concern. Plaintiff`s claim dismissed. | ||
| 650 | _aCHATTELS | ||
| 650 | _aGOING CONCERN | ||
| 650 | _aHOTEL | ||
| 650 | _aLEASES | ||
| 650 | _aNEGLIGENCE | ||
| 650 |
_aValuation _96273 |
||
| 650 | _aVALUERS | ||
| 690 | _aRATING AND VALUATION-CASE LAW | ||
| 942 | _n0 | ||
| 948 | _c14/03/1997 | ||
| 999 |
_c48458 _d48458 |
||